000
00321 a2200121 4500
000
nam a22 7a 4500
005
20260206105600.0
020
_a
9789348650689
100
_a
Ed. Anand Pandey
_9
1114089
245
_a
Pratinidhi Nibandh : Vijaydev Narayan Sahi
260
_b
Nayee Kitab Prakashan
_c
2025
942
_c
TEXL
999
_c
1678766
_d
1678766